00471nam a2200157Ia 4500999001700000003000400017005001700021008004100038040000900079082001800088100002800106245008700134260004100221300000900262942004200271 c19483d19483OSt20200619145148.0190216s9999||||xx |||||||||||||| ||und|| coclc a954.02bRAY/S aRaychoudhary, S C93016 0aSocial Cultural And Economic History Of India (Medieval Age) /c S C Raychoudhary bSurjeet Publications,c1984.aDelhi: a238p cBK2ddch954.02iRAY/Sk954.02mRAY/S